[Event "Open Desko Liberec 2020"]
[Site "Liberec"]
[Date "2020.07.17"]
[Round "3.4"]
[White "Krtous, Zdenek"]
[Black "Kucera, Petr"]
[Result "0-1"]
[WhiteElo "2069"]
[BlackElo "2230"]
[Annotator "TA"]
[PlyCount "86"]
[EventDate "2020.07.18"]
[EventType "swiss"]
[EventCountry "CZE"]
[SourceTitle "playchess.com"]
[Source "ChessBase"]
[SourceQuality "1"]

{[%evp 20,86,28,-4,-12,-4,-6,-60,-51,-56,-66,-87,-47,-50,-46,-50,-44,-36,-19,-43,-54,-42,-45,-45,8,-43,0,-18,0,0,0,-48,-7,-55,-62,-100,-84,-129,-125,-130,-115,-103,-145,-143,-122,-193,-113,-392,-381,-387,-342,-436,-324,-331,-297,-480,-469,-515,-514,-515,-511,-487,-481,-560,-560,-525,-477,-538,-507]} 1. e4 c6 2. d4 d5 3. exd5 cxd5 4. c4 Nf6 5. Nc3 g6 6. cxd5 Bg7 7. Nf3 O-O 8. Bc4 Nbd7 9. O-O Nb6 10. Bb3 Nbxd5 11. Bg5 Nxc3 {B14: Caro-Kann: Panov-Botvinnik Attack with 5...e6 and 5...g6.} 12. bxc3 Ne4 13. Bh4 (13. Re1 $11 Nxg5 14. Nxg5) 13... Nxc3 $15 {Black is slightly better.} 14. Qc2 Nd5 15. Qc5 Nf6 16. Rfe1 e6 {[#]} 17. Rad1 $146 ({Predecessor:} 17. Rac1 b6 18. Qc6 Ba6 19. Ne5 Qxd4 20. Bxf6 Bxf6 21. Nxf7 Kxf7 22. Qxe6+ Kg7 23. Red1 {0-1 (29) Perez Pietronave,C (2250)-Andres Mendez,M (2325) Buenos Aires 1995}) 17... Qb6 18. Qc1 a5 {[%cal Ba7a5,Ba5a4][%mdl 32]} 19. Ne5 a4 20. Bc4 Nd5 21. Qa1 {[#]} g5 $1 {[%mdl 512]} 22. Rb1 (22. Bg3 $11) (22. Bxg5 f6) 22... Qc7 23. Rec1 Qe7 24. Bg3 $1 Rd8 $36 {[%mdl 2048] Black has some pressure.} 25. Bd3 Nb4 26. Bc4 (26. Bb5 {with more complications.} f5 27. Qb2 Nd5 28. f3 h5 29. Bc4) 26... Nc6 27. Rd1 Nxe5 28. dxe5 Rxd1+ 29. Rxd1 Bd7 30. Qd4 Bc6 31. h4 h6 32. Qb6 (32. Bf1 $17) 32... Bf8 (32... gxh4 $19 33. Bf4 {[#]} Bxe5 $1 {[%mdl 576] Deflection} 34. Bxe5 Qg5 {[%mdl 64] Double Attack}) 33. Rd4 $2 {[%mdl 8192] Loses the game.} (33. hxg5 $17 Qxg5 34. Bb5) 33... Qc5 $19 34. Qxc5 Bxc5 35. Rg4 Be7 36. hxg5 hxg5 37. Bh4 $2 (37. Bf4) 37... Rd8 {Black is clearly winning.} 38. Bxg5 Rd1+ 39. Kh2 Bxg5 40. Rxg5+ Kf8 41. a3 b5 42. Be2 Rd2 43. Bh5 Rxf2 {Accuracy: White = 47%, Black = 79%.} 0-1

[Event "Open Desko Liberec 2020"]
[Site "Liberec"]
[Date "2020.07.17"]
[Round "3.5"]
[White "Vitak, Jiri"]
[Black "Hurtik, Matej"]
[Result "0-1"]
[WhiteElo "2190"]
[BlackElo "2001"]
[Annotator "TA"]
[PlyCount "102"]
[EventDate "2020.07.18"]
[EventType "swiss"]
[EventCountry "CZE"]
[SourceTitle "playchess.com"]
[Source "ChessBase"]
[SourceQuality "1"]

{[%evp 22,102,0,-6,0,0,5,-29,42,29,106,106,108,89,105,96,107,-70,-79,-97,0,-9,0,-1,49,0,0,0,0,-32,-29,-104,-68,-64,-60,-89,-35,-27,-35,-85,-97,-105,-73,-68,-8,-8,-8,-8,-6,-6,-6,-6,-6,-8,-6,-8,-8,-7,0,-1048,-1045,-6077,-6072,-6070,-6070,-5362,-5362,-2346,-2307,-7107,-7166,-12842,-12832,-12793,-7102,-6493,-6144,-6118,-6118,-6070,-5166,-6086,-6075]} 1. d4 Nf6 2. c4 e6 3. Nf3 c5 4. d5 exd5 5. cxd5 d6 6. Nc3 g6 7. g3 Bg7 8. Bg2 O-O 9. O-O Re8 10. Nd2 Nbd7 11. h3 a6 12. a4 b6 {A64: Modern Benoni: Fianchetto Variation: 9...Nbd7 10 Nd2 a6 11 a4 Re8.} 13. Nc4 Ne5 14. Na3 Rb8 (14... Nh5 $1 $11) 15. e4 Bb7 (15... c4 $11) 16. f4 $16 Ned7 {[%cal Be5d7,Bd7f6,Bf6h5][%mdl 32]} 17. Nc4 Qc7 18. Kh2 Ba8 {[#]} 19. Nxd6 $146 (19. Qb3 $16) ({Predecessor:} 19. e5 dxe5 20. fxe5 Nxe5 21. Nxe5 Rxe5 22. Bf4 Nh5 23. d6 Qd8 24. Bxa8 Rxa8 25. Bxe5 Bxe5 {1-0 (34) Ritsema,R (2078)-Senders,M (1885) Leiden 2012}) 19... Qxd6 $15 20. e5 {[#]} Qf8 ({Better is} 20... Nxe5 $1 $17 {And now ...Nc4 would win.} 21. fxe5 Rxe5) 21. exf6 $11 Nxf6 22. f5 Rbd8 23. fxg6 hxg6 24. Bg5 Rd6 $1 25. Bf4 Rd7 26. Qb3 (26. Rf2 $11) 26... Nh5 27. Rad1 (27. Qxb6 $2 Rb7 $19) 27... Bd4 28. Rd3 ({Wrong is} 28. Qxb6 $2 Rb7 $19) 28... b5 (28... Nxf4 $17 29. Rxf4 Re1) 29. axb5 $15 axb5 {[%cal Ba6b5,Bb5b4][%mdl 32]} 30. Qc2 b4 31. Nb5 Nxf4 (31... Bxd5 {is interesting.} 32. Bxd5 Rxd5 33. Nc7 Nxf4 34. gxf4 Rd7) 32. Rxf4 Bxd5 (32... Bg7 $15 33. d6 Bxg2 34. Qxg2 Re5) 33. Bxd5 $11 Rxd5 34. Nxd4 {aiming for Ne6!} Rxd4 35. Rfxd4 cxd4 36. Rxd4 $17 {[%mdl 4096] Endgame KQR-KQR} Qe7 37. Rd2 Qe3 38. Kg2 Kg7 39. Rf2 Qe6 40. g4 $2 {[%mdl 8192]} (40. Qd3 $11) 40... Qd5+ $19 {Black is clearly winning.} 41. Rf3 {[#]} Re3 $1 42. Qf2 Rd3 43. Kg3 Qd6+ 44. Kg2 {[#]} Rd2 $1 {[%cal Rd2f2]} 45. Rxf7+ Kh6 46. h4 Rxf2+ 47. Rxf2 Qe5 48. Kh3 Qe3+ 49. Kg2 Qd4 50. Kg3 Kg7 51. g5 b3 {Accuracy: White = 56%, Black = 66%.} 0-1

[Event "Open Desko Liberec 2020"]
[Site "Liberec"]
[Date "2020.07.17"]
[Round "3.6"]
[White "Belaska, Premysl"]
[Black "Cermak, Jan"]
[Result "1/2-1/2"]
[WhiteElo "2224"]
[BlackElo "2019"]
[Annotator "TA"]
[PlyCount "55"]
[EventDate "2020.07.18"]
[EventType "swiss"]
[EventCountry "CZE"]
[SourceTitle "playchess.com"]
[Source "ChessBase"]
[SourceQuality "1"]

{[%evp 10,55,47,42,58,35,48,27,28,23,32,0,0,-9,-11,0,-10,-22,0,-24,-14,-12,-12,-12,-9,-16,-12,-13,0,0,22,20,31,7,19,0,0,0,0,0,0,0,0,0,5,0,42,-6]} 1. e4 e6 2. d4 d5 3. Nc3 Bb4 4. e5 b6 5. Qg4 Bf8 6. Nf3 Ne7 {C16: French: 3 Nc3 Bb4 4 e5: Lines without ...c5.} 7. Bd3 Qd7 8. O-O (8. b4 {feels hotter.} Nf5 9. a3 c6 10. Rb1 h5 11. Qh3) 8... Ba6 {White has an edge.} 9. Bxa6 Nxa6 {[#]} 10. Qf4 $146 ({Predecessor:} 10. Ne2 Nb4 11. Ne1 c5 12. c3 Nbc6 13. Be3 Nf5 14. Ng3 Rc8 15. Nh5 Nce7 16. Nf3 {1-0 (34) Kobalia,M (2573)-Cabrilo,G (2466) Pula 1999}) 10... Ng6 11. Qd2 Be7 12. Qe2 Nb8 {[%cal Ba6b8,Bb8c6,Bc6d8,Bd8e6][%mdl 32]} 13. Bg5 O-O 14. h4 h6 15. Bxe7 Nxe7 16. Nd1 c5 17. c3 Nbc6 18. Ne3 cxd4 19. cxd4 Nf5 20. Nxf5 exf5 21. Rac1 Rfc8 22. Rfe1 Nd8 23. Qd2 Ne6 24. b3 Kf8 25. Rxc8+ Rxc8 26. Rc1 Rc6 27. g3 Kg8 28. Kg2 {Accuracy: White = 90%, Black = 95%.} 1/2-1/2

[Event "Open Desko Liberec 2020"]
[Site "Liberec"]
[Date "2020.07.17"]
[Round "3.7"]
[White "Paulus, Vaclav"]
[Black "Finek, Vaclav"]
[Result "1/2-1/2"]
[WhiteElo "2051"]
[BlackElo "2203"]
[Annotator "TA"]
[PlyCount "89"]
[EventDate "2020.07.18"]
[EventType "swiss"]
[EventCountry "CZE"]
[SourceTitle "playchess.com"]
[Source "ChessBase"]
[SourceQuality "1"]

{[%evp 14,89,10,4,34,16,42,39,22,35,32,30,38,48,79,73,71,48,46,49,56,57,90,85,145,125,210,215,215,216,216,210,226,200,186,175,191,174,177,173,191,123,145,145,143,139,112,22,16,18,23,26,23,-6,-8,-38,-58,-45,-46,-26,-39,-58,0,0,0,0,48,14,20,0,0,0,0,0,0,0,0,0]} 1. e4 c5 2. Nf3 Nc6 3. d4 cxd4 4. Nxd4 g6 5. Be3 Bg7 6. Nc3 Nf6 7. Bc4 O-O 8. Bb3 Re8 {B35: Sicilian: Accelerated Dragon with 5 Nc3: main line.} 9. f3 d5 10. exd5 Nb4 {[%cal Rf6d5] White is slightly better.} 11. Nde2 e6 {[%cal Rb4d5]} 12. Bd4 exd5 13. Qd2 Be6 14. O-O-O Nc6 15. g4 Nxd4 16. Nxd4 {[#]} Rc8 $146 ({Predecessor:} 16... h5 17. Nxe6 fxe6 18. Qd3 Kh7 19. Rhg1 hxg4 20. fxg4 Nd7 21. Qh3+ Kg8 22. Nxd5 Nc5 {1-0 (46) Can,I (2361)-Cadilhac,I (2286) Manavgat 2018}) 17. Kb1 Qd6 18. h4 a6 (18... Nd7 $142) 19. h5 $16 Nd7 (19... b5 $16) 20. hxg6 $18 hxg6 21. Nxe6 fxe6 {[#]} 22. Nxd5 $1 {[%mdl 512]} Qe5 {[%csl Gg7][%cal Re5b2]} (22... exd5 23. Qxd5+) 23. Nc3 Nc5 24. f4 Qf6 {intending ...Ne4.} 25. g5 ({Resist} 25. Qh2 Red8 $16) 25... Qf5 26. Rhe1 Rf8 27. Ne2 (27. Qe3 $18) 27... b5 28. Ng3 Qxf4 29. Qxf4 Rxf4 30. Bxe6+ (30. Rxe6 $16 Nxb3 31. axb3 (31. cxb3 Rf2 $11)) 30... Nxe6 $11 31. Rxe6 {[%mdl 64] Double Attack} Rb4 32. b3 Rg4 33. Ne4 Kf7 34. Nd6+ (34. Nf2 {with more complications.} Kxe6 35. Nxg4 Rc5 36. c4 bxc4 37. Re1+) 34... Kxe6 35. Nxc8 $15 {[%mdl 4096] Endgame KRB-KRN} Bc3 36. Nd6 b4 37. Kc1 Bg7 (37... Rxg5 $15 38. Ne4 Rh5) 38. Nc4 $11 Rxg5 39. Rd6+ Ke7 40. Kd2 Bc3+ {The position is equal.} 41. Kd3 Rg3+ 42. Ke2 Rg2+ 43. Kf3 Rxc2 44. Rxa6 Kf7 45. Ne3 {Blacks defense is rewarded with a draw. Accuracy: White = 75%, Black = 66%.} 1/2-1/2

[Event "Open Desko Liberec 2020"]
[Site "Liberec"]
[Date "2020.07.17"]
[Round "3.8"]
[White "Peniska, Pavel"]
[Black "Sykora, Marek"]
[Result "0-1"]
[WhiteElo "1829"]
[BlackElo "2083"]
[Annotator "TA"]
[PlyCount "48"]
[EventDate "2020.07.18"]
[EventType "swiss"]
[EventCountry "CZE"]
[SourceTitle "playchess.com"]
[Source "ChessBase"]
[SourceQuality "1"]

{[%evp 24,48,39,31,51,8,12,0,24,-9,54,28,87,11,18,9,10,6,20,10,25,9,9,0,0,-550,-540]} 1. e4 Nf6 2. e5 Nd5 3. d4 d6 4. c4 Nb6 5. exd6 cxd6 6. Nc3 g6 7. Be3 Bg7 8. Rc1 O-O 9. Be2 Nc6 10. Nf3 Bg4 11. b3 e5 12. dxe5 dxe5 13. O-O f5 {B03: Alekhine's Defence: Four Pawns Attack.} 14. h3 (14. c5 {with more complications.} f4 15. Bd2 Nd7 16. b4 Bf5 17. b5) 14... Bxf3 $1 15. Bxf3 e4 {The position is equal.} 16. Be2 {[#]} Nd7 $146 (16... Bxc3 $11 17. Qxd8 Raxd8 18. Rxc3 f4) ({Predecessor:} 16... Qh4 17. f4 Rad8 18. Nd5 Nb4 19. Bf2 Qh6 20. Bc5 Nxa2 21. Bxf8 Nxc1 22. Nf6+ Bxf6 23. Bxh6 Rxd1 24. Bxd1 {0-1 (44) Laszlo,L (1829)-Bodi,T (2137) Budapest 2014}) 17. Nd5 $14 Nde5 (17... Rf7 $11) 18. f4 (18. b4 $16) 18... exf3 $1 $11 19. Bxf3 Nxf3+ 20. Rxf3 Re8 21. Qd2 Qd6 22. Rd1 Re4 23. Kh1 Rae8 24. Rf4 $2 {[%mdl 8192] [#]} (24. Bf4 $11 Qf8 25. Re3) 24... Rxe3 $1 {[%mdl 512] Accuracy: White = 64%, Black = 76%.} 0-1

[Event "Open Desko Liberec 2020"]
[Site "Liberec"]
[Date "2020.07.20"]
[Round "4"]
[White "Liska, Jiri"]
[Black "Karlik, Vladimir"]
[Result "1/2-1/2"]
[WhiteElo "2272"]
[BlackElo "2143"]
[Annotator "TA"]
[PlyCount "57"]
[EventDate "2020.??.??"]
[EventCountry "CZE"]
[SourceTitle "playchess.com"]
[Source "ChessBase"]
[SourceQuality "1"]

{[%evp 14,57,-6,-8,8,14,45,0,0,0,4,0,4,0,9,0,1,0,0,0,0,0,0,0,0,-18,0,0,3,0,0,0,0,0,0,-4,-4,-4,-4,-4,0,-12,0,0,0,-7]} 1. e4 c5 2. Nf3 g6 3. c3 Bg7 4. d4 cxd4 5. cxd4 d5 6. e5 Nc6 7. Nc3 Bg4 8. Bb5 Rc8 {B27: Sicilian: 2 Nf3, unusual Black 2nd moves.} 9. O-O e6 10. h3 (10. Bxc6+ $5 Rxc6 11. Nb5 $14) 10... Bxf3 $1 {The position is equal.} 11. Qxf3 a6 12. Bxc6+ $1 Rxc6 {[#]} 13. Na4 $146 ({Predecessor:} 13. Rd1 f6 14. Qg3 fxe5 15. dxe5 Qc7 16. f4 Ne7 17. Be3 Nf5 18. Qf2 O-O 19. Rac1 {0-1 (30) Mikkelsen,M (1873)-Zeman,M (2203) Montevideo 2017}) 13... Ne7 14. Bg5 O-O 15. Qa3 Re8 16. Rac1 Qc7 17. b3 Bf8 18. Qb2 Rc8 19. Nc5 a5 20. g4 b6 21. Nd3 Rc2 22. Rxc2 Qxc2 23. Qxc2 Rxc2 24. Rc1 Rxc1+ 25. Bxc1 Nc6 26. Bb2 Be7 27. Kg2 Nb4 28. Nxb4 Bxb4 29. a3 {An uneventful encounter. Accuracy: White = 94%, Black = 93%.} 1/2-1/2

[Event "Open Desko Liberec 2020"]
[Site "Liberec"]
[Date "2020.07.20"]
[Round "4"]
[White "Kucera, Petr"]
[Black "Hurtik, Matej"]
[Result "1-0"]
[WhiteElo "2230"]
[BlackElo "2001"]
[Annotator "TA"]
[PlyCount "37"]
[EventDate "2020.??.??"]
[EventCountry "CZE"]
[SourceTitle "playchess.com"]
[Source "ChessBase"]
[SourceQuality "1"]

{[%evp 15,31,-2,6,-8,67,66,68,57,66,49,67,64,56,59,2362,2348,29994,29995]} 1. d4 Nf6 2. Nf3 e6 3. Bf4 d5 4. e3 c5 5. c3 Nc6 6. Nbd2 Bd6 7. Bg3 O-O 8. Bd3 b6 9. e4 {e5 is the strong threat. 9.Qe2 is the modern continuation. D02: 1 d4 d5 2 Nf3 sidelines, including 2...Nf6 3 g3 and 2...Nf6 3 Bf4.} dxe4 (9... Be7 $11) 10. Nxe4 $14 Nxe4 11. Bxe4 {Threatens to win with dxc5.White is slightly better.} Bb7 12. Qa4 Rc8 13. dxc5 Bxc5 14. Rd1 Qe8 $2 {[%mdl 8192] [#]} (14... Qe7 $14) 15. Bxh7+ $1 $18 {[%mdl 512]} Kxh7 16. Qh4+ {[#] White took control after the opening.} {Predecessor:} Kg6 $146 17. Qg5+ Kh7 18. Qh5+ Kg8 19. Ng5 {1-0 (19) Paehtz,E (2484)-Salimova,N (2370) Monaco 2019} 1-0

[Event "Open Desko Liberec 2020"]
[Site "Liberec"]
[Date "2020.07.20"]
[Round "4"]
[White "Finek, Vaclav"]
[Black "Sykora, Ondrej"]
[Result "1-0"]
[WhiteElo "2203"]
[BlackElo "2065"]
[Annotator "TA"]
[PlyCount "86"]
[EventDate "2020.??.??"]
[EventCountry "CZE"]
[SourceTitle "playchess.com"]
[Source "ChessBase"]
[SourceQuality "1"]

{[%evp 16,86,44,25,26,28,28,26,23,28,22,7,112,115,111,118,122,121,121,135,250,256,284,106,183,177,171,174,181,176,171,188,192,189,225,225,225,223,215,96,241,237,274,270,277,277,266,262,308,328,374,362,472,464,490,474,508,460,971,971,1069,1022,1525,1215,12571,8727,12818,7367,29981,29982,29981,29969,6520]} 1. d4 Nf6 2. c4 d6 3. Nf3 Bg4 4. Nc3 Nbd7 5. e3 e5 6. Be2 c6 7. O-O Be7 8. h3 Bh5 9. b4 e4 {A53: Old Indian Defence without Nf3.} 10. Nd2 Bxe2 11. Qxe2 d5 {[#] White has an edge.} 12. cxd5 $146 ({Predecessor:} 12. Rb1 O-O 13. b5 Qa5 14. Bb2 Rfc8 15. Nb3 Qb4 16. bxc6 bxc6 17. c5 a5 18. Qc2 {1-0 (43) Akkozov,B (2361)-Pashinsky,M (2190) St Petersburg 2014}) 12... cxd5 13. Qb5 {[%mdl 64] Double Attack} Qb6 (13... a6 $1 $11 14. Qxb7 Qc8 15. Qxc8+ Rxc8) 14. Nxd5 $16 Qxb5 15. Nc7+ {[%mdl 64] Double Attack} Kd8 16. Nxb5 Bxb4 17. Rb1 Nd5 (17... a5 $16 18. a3 Bxd2) 18. Nxe4 $18 Ke7 {[#]} 19. Bb2 $2 (19. Nc7 $1 $18 {[%mdl 512] is more deadly.} Nxc7 20. Rxb4) 19... a6 (19... f5 $16 {might work better.}) 20. Nbc3 Bxc3 21. Nxc3 Nxc3 22. Bxc3 b5 23. a4 Rhb8 24. axb5 Rxb5 25. Rxb5 axb5 {[%mdl 4096] Endgame KRB-KRN} 26. Rb1 Rb8 27. d5 (27. f3 $18 {and White stays clearly on top.}) 27... Nf6 {[#] Black cannot hold the game after this.} (27... Kd6 $16 {was necessary.}) 28. e4 $1 {[%mdl 512]} Kd7 (28... Nxe4 29. Re1) 29. f3 Ne8 30. Kf2 f6 31. Ke3 Nd6 32. Kd3 Ra8 33. Ra1 Rxa1 34. Bxa1 {KB-KN} Nc4 35. Bd4 h5 36. Kc3 f5 (36... Nd6 $142 37. Kb4 Kd8) 37. Bxg7 Ne3 38. g3 fxe4 39. fxe4 Nd1+ 40. Kb4 Nf2 41. e5 Nxh3 42. e6+ Ke7 43. Bh6 Nf2 {Accuracy: White = 85%, Black = 35%.} 1-0

[Event "Open Desko Liberec 2020"]
[Site "Liberec"]
[Date "2020.07.20"]
[Round "4"]
[White "Kaderabek, Jiri"]
[Black "Paulus, Vaclav"]
[Result "0-1"]
[WhiteElo "2121"]
[BlackElo "2051"]
[Annotator "TA"]
[PlyCount "74"]
[EventDate "2020.??.??"]
[EventCountry "CZE"]
[SourceTitle "playchess.com"]
[Source "ChessBase"]
[SourceQuality "1"]

{[%evp 13,74,31,40,34,54,37,54,36,50,51,43,47,48,33,33,0,0,0,35,20,83,56,63,66,121,110,252,257,268,255,256,248,275,-210,-194,-248,-245,-229,-241,-238,-244,-256,-248,-412,-418,-419,-416,-419,-399,-418,-402,-588,-577,-662,-660,-693,-640,-631,-617,-5285,-892,-6636,-585]} 1. e4 c5 2. Nf3 Nc6 3. Bb5 g6 4. O-O Bg7 5. d3 e5 6. Bxc6 dxc6 7. Be3 Qe7 8. a3 {B31: Sicilian: 2...Nc6 3 Bb5 g6.} a5 9. Nbd2 Nf6 10. b4 {White is slightly better.} axb4 11. axb4 Rxa1 12. Qxa1 cxb4 {[#]} 13. Qa5 $146 {[%mdl 2048] White is more active.} ({Predecessor:} 13. Qxe5 Qxe5 14. Nxe5 Nxe4 15. Nxe4 Bxe5 16. Bc5 f5 17. Re1 fxe4 18. Rxe4 Kf7 19. Rxe5 {½-½ (43) Gutierrez Castillo,P (2200)-Orantes Taboada,M (1951) Lucena 2012}) 13... Nd7 $1 14. Nc4 {[%mdl 1024] White has compensation.} O-O $1 15. Rb1 f5 16. Qc7 f4 (16... Qd8 $11 {keeps the balance.} 17. Qxd8 Rxd8) 17. Bd2 c5 18. c3 {[%cal Rc3b4]} b5 (18... Qd8 $14 19. Qd6 Nb8) 19. Nd6 $1 $16 {[%cal Rd6c8]} Qd8 (19... bxc3 $16 20. Bxc3 (20. Nxc8 Qd8 $11) 20... Ba6) 20. Qc6 $18 Nb6 21. cxb4 ({Don't take} 21. Qxc5 $6 Bg4 $16) 21... Bd7 22. Qxc5 Rf6 23. Bc3 $4 {[%mdl 8192]} (23. d4 $18) 23... Na4 $19 24. Nb7 {[#]} (24. Qd5+ $142 Be6 25. Qxe5 Nxc3 26. Re1) 24... Qa8 $1 {[%cal Ra8b7]} 25. Qd5+ Be6 26. Qxe5 {Strongly threatening Bd4.} Nxc3 ({Don't do} 26... Qxb7 27. Bd4) 27. Qxc3 {Hoping for e5.} Qxb7 28. d4 $2 (28. Qd2) 28... Qxe4 29. Re1 Qd5 30. Qc7 Qd7 31. Qc5 Rf5 32. Qb6 (32. Ne5 {might work better.} Qb7 33. Qd6) 32... Bd5 {Black is clearly winning.} 33. Ne5 Bxe5 34. dxe5 {[#]} Rg5 $1 35. g3 fxg3 36. hxg3 Bf3 (36... Rh5 $142 37. f3 Bxf3 38. Qb8+ Kg7) 37. Qf6 Qf5 {Accuracy: White = 51%, Black = 68%.} (37... Rf5 $142 38. Qh4 {[#]} Rxe5 $1 {[%mdl 512]}) 0-1

[Event "Open Desko Liberec 2020"]
[Site "Liberec"]
[Date "2020.07.20"]
[Round "4"]
[White "Sykora, Marek"]
[Black "Bures, Jaroslav"]
[Result "1/2-1/2"]
[WhiteElo "2083"]
[BlackElo "2382"]
[Annotator "TA"]
[PlyCount "151"]
[EventDate "2020.??.??"]
[EventCountry "CZE"]
[SourceTitle "playchess.com"]
[Source "ChessBase"]
[SourceQuality "1"]

{[%evp 16,151,-6,-9,5,-5,-5,-5,-14,-15,0,0,6,6,31,32,39,37,33,30,30,17,20,0,9,0,0,-17,-14,-29,-10,-10,-8,-12,-15,-21,0,0,0,0,0,0,0,-12,29,35,33,25,381,381,382,382,382,381,349,348,298,259,1294,1325,1254,1310,1312,356,1092,0,1120,991,969,818,992,405,957,903,883,579,1802,1568,1328,1223,29975,29976,29975,29975,29978,29978,29979,29980,29979,29980,29981,29982,29980,12805,29964,12837,1668,578,407,63,63,63,68,68,70,70,70,70,120,109,109,0,0,0,0,0,0,0,0,0,0,0,0,0,0,0,0,0,0,0,0,0,0,0,0,0,0,0]} 1. e4 c5 2. Nc3 g6 3. g3 Bg7 4. Bg2 Nc6 5. d3 e6 6. f4 Nge7 7. Nf3 d6 8. O-O Rb8 9. Be3 b5 {B25: Closed Sicilian: 3 g3, lines without early Be3.} 10. Qd2 b4 11. Nd1 a5 12. d4 cxd4 (12... d5 {is more complex.} 13. e5 Nxd4 14. Nxd4 cxd4 15. Bxd4 Nc6) 13. Nxd4 Nxd4 14. Bxd4 Bxd4+ (14... e5 $5 {[%cal Re5d4]} 15. Ba7 Rb7 $14) 15. Qxd4 {[#]} Qb6 $146 ({Predecessor:} 15... O-O 16. Ne3 Nc6 17. Qd2 Ba6 18. Rfe1 Qb6 19. Rad1 Rbd8 20. Kh1 Qc5 21. f5 Bc8 {0-1 (59) Weiss,D (1758)-Sabrowski,U (2114) Berlin 2013}) 16. Qxb6 Rxb6 17. Ne3 Ba6 18. Rf2 f5 19. exf5 Nxf5 20. Re1 Kf7 21. Rd2 Rc8 22. Kf2 Rc5 (22... d5 {with more complications.} 23. Ng4 Kg7 24. Ne5 Nd6 25. b3 Rc3) 23. g4 Nxe3 24. Rxe3 h5 25. g5 Rf5 26. Kg3 e5 27. Rf2 Rb5 28. h4 Rc5 29. c3 bxc3 30. Rxc3 Rxc3+ 31. bxc3 $11 {[%mdl 4096] Endgame KRB-KRB} Bd3 $2 {[%mdl 8192]} (31... Kg7 $11) 32. Bh3 $18 Rxf4 33. Rxf4+ exf4+ 34. Kxf4 {KB-KB} Ke7 35. Ke3 Bc4 36. a3 d5 $2 (36... Be6 37. Bg2 Bf5) 37. Kd4 Kd6 38. Bg2 Bb3 39. Bf3 $2 (39. Bf1 Bc2 40. Bb5) 39... Ke6 {and the idea ...Kd6 leaves Black hopeful.} 40. Bg2 Kd6 41. Bf1 Ba4 42. Bd3 Be8 43. Bb1 (43. Bc2 $142 Ke6 44. Bb3) 43... Bf7 (43... Ke6 $142 44. Ba2 Bc6) 44. Bc2 Be8 45. Bb3 Bf7 46. Ba4 Ke6 47. Bc6 Kf5 48. Bxd5 Be8 49. c4 Kg4 50. Ke5 Kxh4 51. Kf6 Kg4 52. c5 h4 53. c6 h3 54. Be6+ (54. c7 $142 Bd7 55. Kxg6 h2 56. Kf6 Bc8 57. g6 h1=B 58. Bxh1 Kf4 59. g7) 54... Kh5 55. c7 h2 56. c8=Q (56. Bd5 $142 Bd7 57. Bf3+ Kh4 58. Kxg6) 56... h1=Q 57. Bg4+ $2 ({Only move:} 57. Qxe8 $18 {[%cal Re8h8]} Qf3+ 58. Kg7 Qc3+ 59. Kh7 Qc7+ 60. Bd7 Kxg5 61. Qe3+ Qf4 62. Qg1+ Kf6 63. Qb6+ Ke5 64. Qxa5+ Kd6 65. Be8) 57... Kh4 $14 58. Qxe8 {[#] White wants to mate with Qh8+.} Kxg4 {KQ-KQ} 59. Qc8+ Kg3 60. Kxg6 {Strongly threatening Qc3+.} Qe4+ 61. Qf5 Qe3 62. Kh6 a4 63. Kh5 (63. Qf8 $16) 63... Qe8+ $11 {The position is equal.} 64. Kh6 {[#] Hoping for Qf6.} Qh8+ 65. Qh7 Qf8+ 66. Qg7 Qxa3 67. Qe5+ Kg2 68. Qe4+ Qf3 69. Qxa4 {Threatens to win with Qc2+.} Qf8+ 70. Kg6 {Black must now prevent Qg4+.} Qg8+ 71. Kf5 Qf7+ 72. Ke4 $1 {aiming for Qd4.} Qe7+ 73. Kf4 {Threatening mate with Qe4+.} Qf7+ 74. Ke4 {And now Qd4 would win.} Qe7+ 75. Kf4 {White threatens Qe4+ and mate.} Qf7+ 76. Ke4 {White really could win this. Accuracy: White = 88%, Black = 74%.} 1/2-1/2

[Event "Open Desko Liberec 2020"]
[Site "Liberec"]
[Date "2020.07.20"]
[Round "4"]
[White "Cakl, Zdenek"]
[Black "Sernecki, Franciszek"]
[Result "1/2-1/2"]
[WhiteElo "2082"]
[BlackElo "2243"]
[Annotator "TA"]
[PlyCount "45"]
[EventDate "2020.??.??"]
[EventCountry "CZE"]
[SourceTitle "playchess.com"]
[Source "ChessBase"]
[SourceQuality "1"]

{[%evp 14,45,0,0,5,0,29,27,21,16,17,25,32,-8,44,27,45,-274,25,20,56,0,759,75,77,65,65,65,65,32,75,41,32,34]} 1. Nf3 d5 2. b3 c5 3. e3 Nf6 4. Bb2 e6 5. c4 Nc6 6. cxd5 exd5 7. Bb5 Bd6 8. O-O O-O {A13: English Opening: 1...e6.} 9. d4 Bg4 10. dxc5 Bxc5 {White has an edge.} 11. Bxc6 bxc6 12. Qc2 Bd6 {[#]} 13. Ne5 $146 ({Predecessor:} 13. Nbd2 Rc8 14. Ng5 g6 15. Qc3 Be7 16. h3 Be6 17. Rfd1 c5 18. Qe5 Qc7 19. Qc3 {½-½ (64) Howell,D (2663)-Houska,J (2386) London 2016}) 13... Qe8 (13... Be6 $11) 14. Nxg4 $14 Nxg4 15. Nd2 $2 {[%mdl 8192] [#]} (15. h3 $14 {keeps the upper hand.} Ne5 16. Nc3) 15... Ne5 $2 ({Weaker is} 15... Nxh2 16. Rfe1 $17) (15... Bxh2+ $19 16. Kh1 f5) 16. Rad1 {[%cal Ba1d1,Bd1d4,Bd4a4][%mdl 32]} f5 17. Nc4 (17. h3 $14) 17... Rc8 $2 {[%mdl 8192]} (17... Nf3+ $11 18. gxf3 Bxh2+ 19. Kg2 Qg6+ 20. Kxh2 Qh5+ 21. Kg1 Qg6+ 22. Kh2 Qh5+ 23. Kg2 Qg5+ 24. Kh3 Qh5+ 25. Kg3 Qg6+ 26. Kh2) 18. Nxe5 $2 (18. Nxd6 $18 {and the rest is easy.} Nf3+ 19. Kh1) 18... Bxe5 $16 19. Bxe5 Qxe5 20. Qc5 Rc7 21. Rd4 Rb8 22. Ra4 Rb5 23. Qa3 {Accuracy: White = 46%, Black = 33%.} 1/2-1/2